00796 2200301 4500001002100000005001500021035002000036007000300056040001700059100005400076245004000130250001000170300003400180020002200214041000800236082001200244084001800256090002000274264002000294336002100314337003000335338002300365650001300388850001000401008004100411990002200452990002000474INLIS00000000000552420260508020513 a0010-0222000614ta aSBPUPADbind0 aAbdul Hakim Bin Amir Abdat Abu UnaisahePengarang1 aPernikahan & Hadiah Untuk Pengantin aCet 3 a399 hal. :bIlus ;c24,5x15,5 a978-979-16294-5-40 aind a297.577 a297.577 UNA p a297.5 SUD k 3-9 bMaktabah,c2015 2rdacontentateks 2rdamediaatanpa perantara 2rdacarrieravolume 4aKeluarga aPUPAD260508 0  a23.620/H/DPK/2017 a23.621/H/DPK/17